| 000 | 01333cam a2200253 a 4500 | ||
|---|---|---|---|
| 003 | EG-GiCUC | ||
| 008 | 100422s1992 ku g 001 0 ara d | ||
| 040 |
_aEG-GiCUC _bara _cEG-GiCUC |
||
| 092 | 0 | 4 |
_a811.9 _bM394 _221 |
| 099 |
_a04 _a811.9 M394 |
||
| 245 | 0 | 0 |
_aمصادر دراسة محمود سامى البارودى 1839-1904/ _cاعداد مجموعة من الباحثين ؛ بأشراف محمد مصطفى هدارة |
| 260 |
_aالكويت : _bمؤسسة جائزة عبدالعزيز سعود البابطين للابداع الشعرى : _c1992 |
||
| 300 |
_a190 ص ؛ _c24سم |
||
| 500 | _aيصدر بمناسبة توزيع جوائز مؤسسة جائزة عبد العزيز سعود البابطين للابداع الشعرى فى دورتها الثالثة | ||
| 504 | _aيشتمل على ارجاعات ببليوجرافية وكشافات | ||
| 600 | 1 | 0 |
_aالبارودى : محمود سامى : _d1839-1904 _vببليوجرافيات |
| 650 | 7 |
_aالشعر العربى _vببليوجرافيات _2qrmak |
|
| 700 | 1 | _aهدارة : محمد مصطفى | |
| 902 | _a2 | ||
| 905 |
_aابراهيم _eمراجع |
||
| 905 |
_aمنى _eمدخل |
||
| 942 |
_2ddc _cBK |
||
| 999 |
_c119298 _d119298 |
||